| 000 | 00624nam a2200229 a 4500 | ||
|---|---|---|---|
| 999 |
_c5478 _d5478 |
||
| 001 | 5478 | ||
| 003 | BD-JhCC | ||
| 005 | 20200426134007.0 | ||
| 008 | 171217s20142015bg a|||| || | 000 0 eng d | ||
| 035 | _a(BD-JhCC)5478 | ||
| 040 |
_aBD-JhCC _dBD-JhCC |
||
| 041 | _aeng | ||
| 082 |
_a515 _bISL 2015 |
||
| 100 | _aIslam. Md. Nazrul | ||
| 245 |
_aHigher Mathematics Second Paper For Classes XI-XII / _cMd. Nazrul Islam & Md. Katab Uddin |
||
| 260 |
_aDhaka : _bTarif-Nazim, _c2015. |
||
| 300 |
_a348 p. : _c24 cm. |
||
| 650 | _aMathematics Analysis | ||
| 700 | _aUddin, Md. Katab | ||
| 942 |
_2ddc _cBK _02 |
||